Logo BPK

Biblioteka

Politechniki Koszalińskiej

British politics in focus / (Rekord nr 50180)

Szczegóły MARC
000 -ETYKIETA REKORDU
podpole kontrolne o stałej długości 00536nam a2200205 i 4500
001 - NUMER KONTROLNY REKORDU
pole kontrolne bgj
020 ## - MIĘDZYNARODOWY ZNORMALIZOWANY NUMER KSIĄŻKI - ISBN
ISBN 1873929323 (pbk)
040 ## - ŹRÓDŁO KATALOGOWANIA
Instytucja, która utworzyła rekord BPK
041 0# - KOD JĘZYKA
Kod języka tekstu eng
920 ## - Międzynarodowy znormalizowany numer książki – ISBN
ISBN 1-873929-32-3 (pbk)
008 - POLE O STAŁEJ DŁUGOŚCI - DANE KONTROLNE
podpole kontrolne o stałej długości s uk f |000 0 eng
100 1# - NAZWA OSOBOWA
Nazwa osobowa BENTLEY, Roy
245 10 - TYTUŁ/ODPOWIEDZIALNOŚĆ
Tytuł British politics in focus /
Pozostałe elementy strefy tytułu i oznaczenia odpowiedzialności Roy Bentley and others.
250 ## - STREFA WYDANIA
Oznaczenie wydania repr.
260 ## - STREFA ADRESU WYDAWNICZEGO
Miejsce wydania Ormskirk :
Nazwa wydawcy/dystrybutora Causeway Press,
Data publikacji, dystrybucji/powstania dokumentu 1997.
300 ## - STREFA OPISU FIZYCZNEGO
Objętość 602 pp :
Inne cechy fizyczne draw., photos ;
Rozmiary 27 cm.
505 ## - SFORMALIZOWANA UWAGA DOTYCZĄCA ZAWARTOŚCI
Pełny tekst uwagi Incl. index.
650 #9 - HASŁO PRZEDMIOTOWE W FORMIE NAZWY OGÓLNEJ LUB JEDNOSTKOWEJ
Nazwa ogólna lub geograficzna British |politics
856 ## - LOKALIZACJA I DOSTĘP DO ELEKTRONICZNYCH DOKUMENTÓW ZDALNYCH
Link (URL) http://koha.tu.koszalin.pl/cgi-bin/koha/opac-detail.pl?biblionumber=50180
Tekst linku Katalog online BPK
942 ## - DODATKOWE ELEMENTY (KOHA)
Typ dokumentu Książka
Egzemplarze
Wycofany Status egzemplarza Uszkodzony Dostępność Lokalizacja stała Lokalizacja bieżąca Miejsce przechowywania Sygnatura Kod kreskowy Typ dokumentu
      Tylko na miejscu Biblioteka Politechniki Koszalińskiej Biblioteka Politechniki Koszalińskiej Czytelnia Wydziałowa ul. Kwiatkowskiego 6e BR 86 09000117 Książka
© 2023 Biblioteka Politechniki Koszalińskiej :: KOHA